| 000 | 01277cam a2200337 a 4500 | ||
|---|---|---|---|
| 999 |
_c692 _d692 |
||
| 001 | (Sirsi) a876510 | ||
| 003 | OSt | ||
| 005 | 20191105105735.0 | ||
| 008 | 150116s2008 nyua c 000 1 eng d | ||
| 020 | _a9780374332662 (hard) : | ||
| 020 | _a0374332665 (hard) : | ||
| 040 |
_aDLC _beng _cDLC _dDLC _dTAE |
||
| 042 | _anbic | ||
| 082 | 0 | _aFIC SAC | |
| 100 | 1 |
_aSachar, Louis, _d1954- _eauthor |
|
| 245 | 1 | 0 |
_aHoles / _cLouis Sachar. |
| 250 | _a10th anniversary ed. | ||
| 260 |
_aNew York : _bFarrar, Straus and Giroux, _cc2008. |
||
| 300 |
_a265 p. : _bill. ; _c22 cm. |
||
| 500 | _a"Frances Foster Books." | ||
| 500 | _a"10th anniversary edition with bonus material"--Jkt. | ||
| 520 | _aAs further evidence of his family's bad fortune which they attribute to a curse on a distant relative, Stanley Yelnats is sent to a hellish correctional camp in the Texas desert where he finds his first real friend, a treasure, and a new sense of himself. | ||
| 521 | 1 | _a10-14. | |
| 586 | _aNational Book Award, 1998. | ||
| 586 | _aNewbery Medal, 1999. | ||
| 650 | 0 |
_aJuvenile delinquency _vJuvenile fiction. |
|
| 650 | 0 |
_aHomeless persons _vJuvenile fiction. |
|
| 650 | 0 |
_aFriendship _vJuvenile fiction. |
|
| 650 | 0 |
_aBuried treasure _vJuvenile fiction. |
|
| 942 |
_2ddc _cFIC |
||